RDR2 Compendium - Statistics

General Stats
  • This quiz has been taken 61 times
  • The average score is 27 of 394
Answer Stats
Hint Answer % Correct
Animals Whitetail Deer
52%
Weapons Cattleman Revolver
42%
Animals Grizzly Bear
39%
Animals Whitetail Buck
36%
Horses Arabian
33%
Animals American Alligator
30%
Weapons Sawed-Off Shotgun
30%
Equipment Lasso
27%
Legendary Animals Legendary Moose
27%
Weapons Volcanic Pistol
27%
Weapons Bow
24%
Weapons Double-Action Revolver
24%
Weapons Lancaster Repeater
24%
Legendary Animals Legendary Fox
24%
Horses Morgan
24%
Weapons Bolt Action Rifle
21%
Weapons Dynamite
21%
Weapons Flaco’s Revolver
21%
Animals Gray Wolf
21%
Legendary Animals Legendary Cougar
21%
Legendart Animals Legendary Wolf
21%
Gangs O'Driscolls/O'Driscoll Boys
21%
Weapons Schofield Revolver
21%
Weapons Springfield Rifle
21%
Animals Timber Wolf
21%
Animals American Bison
18%
Animals Bald Eagle
18%
Weapons Carcano Rifle
18%
Animals Cougar
18%
Weapons Granger’s Revolver
18%
Weapons Hunting Knife
18%
Legendary Animals Legendary Boar
18%
Legendary Animals Legendary Bull Gator
18%
Legendary Animals Legendary Elk
18%
Weapons Mauser Pistol
18%
Weapons Midnight’s Pistol
18%
Horses Mustang
18%
Weapons Pump-Action Shotgun
18%
Weapons Rolling Block Rifle
18%
Animals American Alligator (small)
15%
Animals American Black Bear
15%
Gangs Del lobos
15%
Legendary Animals Legendary Beaver
15%
Legendary Animals Legendary Buck
15%
Legendary Animals Legendary Coyote
15%
Legendary Animals Legendary Pronghorn
15%
Legendary Animals Legendary White Bison
15%
Gangs Lemoyne Raiders
15%
Weapons Micah’s Revolver
15%
Weapons Otis Miller’s Revolver
15%
Animals Panther
15%
Weapons Rare Rolling Block Rifle
15%
Weapons Repeating Shotgun
15%
Weapons Semi-Automatic Pistol
15%
Weapons Semi-Auto Shotgun
15%
Weapons Varmint Rifle
15%
Animals Wild Boar
15%
Animals American Crow
12%
Plant American Ginseng
12%
Horses Belgian Draft Horse
12%
Animals Big China Pig
12%
Equipment Binoculars
12%
Plant Blackberry
12%
Animals Black Rat
12%
Animals Blue Jay
12%
Animals Brown Rat
12%
Weapons Calloway’s Revolver
12%
Weapons Carbine Repeater
12%
Weapons Civil War Knife
12%
Weapons Double-Barreled Shotgun
12%
Weapons Fire Bottle
12%
Animals Java Chicken
12%
Legendary Animals Legendary Big Horn Ram
12%
Fish (Legendary) Bluegill
12%
Fish (Legendary) Muskie
12%
Legendary Animals Legendary Tatanka Bison
12%
Weapons Litchfield Repeater
12%
Weapons Machete
12%
Weapons Rare Shotgun
12%
Animals Reddish Egret
12%
Horses Shire
12%
Animals Silver Fox
12%
Animals Snowy Egret
12%
Horses Tennessee Walker
12%
Gangs The Laramie Gang
12%
Gangs The Murfree Brood
12%
Gangs The Skinner Brothers
12%
Weapons Tomahawk
12%
Plant Wild Carrot
12%
Plant Wild Mint
12%
Animals American Bullfrog
9%
Horses American Paint
9%
Animals American Pronghorn Buck
9%
Animals American Pronghorn Doe
9%
Horses American Standardbred
9%
Animals Black-tailed Jackrabbit
9%
Weapons Broken Pirate Sword
9%
Equipment Fishing Rod
9%
Animals Florida Cracker Cow
9%
Animals Florida Panther
9%
Animals Great Blue Heron
9%
Horses Hungarian Halfbred
9%
Weapons Jawbone Knife
9%
Weapons John’s Cattleman Revolver
9%
Weapons John’s Knife
9%
Fish (Legendary) Bullhead Catfish
9%
Fish (Legendary) Longnose Gar
9%
Fish (Legendary) Smallmouth Bass
9%
Animals Leghorn Chicken
9%
Horses Missouri Fox Trotter
9%
Animals Mule
9%
Animals Northern Cardinal
9%
Plant Oleander Sage
9%
Weapons Throwing Knife
9%
Horses Turkoman
9%
Equipment Upgraded Gun Belt
9%
Equipment Upgraded Holster
9%
Weapons Volatile Dynamite
9%
Weapons Volatile Fire Bottle
9%
Animals Western Moose
9%
Plant Wintergreen Berry
9%
Plant Yarrow
9%
Plant Alaskan Ginseng
6%
Animals Alligator Snapping Turtle
6%
Animals Alpine Goat
6%
Animals American Badger
6%
Animals American Gray Fox
6%
Animals American Red Fox
6%
Animals American Robin
6%
Horses Andalusian
6%
Animals Angus Bull
6%
Animals Angus Ox
6%
Weapons Antler Knife
6%
Animals Baltimore Oriole
6%
Equipment Bandit Gun Belt
6%
Equipment Bandit Holster
6%
Equipment Bandit Off-Hand Holster
6%
Animals Black Squirrel
6%
Animals Bloodhound
6%
Equipment Camera
6%
Animals Chinese Ring-necked Pheasant
6%
Plant Common Bulrush
6%
Animals Devon Ox
6%
Animals Dominique Chicken
6%
Animals Eastern Wild Turkey
6%
Equipment Electric Lantern
6%
Plant Evergreen Huckleberry
6%
Equipment Gambler Gun Belt
6%
Equipment Gambler Holster
6%
Equipment Gambler Off-Hand Holster
6%
Plant Ghost Orchid
6%
Plant Golden Currant
6%
Animals Golden Eagle
6%
Animals Great Horned Owl
6%
Weapons Homing Tomahawk
6%
Plant Hummingbird Sage
6%
Weapons Improved Throwing Knife
6%
Weapons Improved Tomahawk
6%
Plant Indian Tobacco
6%
Animals Labrador Retriever
6%
Legendary Animals Legendary Bharati Grizzly Bear
6%
Fish (Legendary) Chain Pickerel
6%
Fish (Legendary) Channel Catfish
6%
Legendary Animals Legendary Giaguaro Panther
6%
Fish (Legendary) Largemouth Bass
6%
Fish (Legendary) Rock Bass
6%
Fish (Legendary) Sockeye Salmon
6%
Fish (Legendary) Steelhead Trout
6%
Animals Leghorn Rooster
6%
Animals Little Egret
6%
Animals Merino Sheep
6%
Plant Milkweed
6%
Animals Mutt
6%
Animals North American Beaver
6%
Animals North American Raccoon
6%
Animals Old Spot Pig
6%
Plant Oregano
6%
Weapons Ornate Dagger
6%
Weapons Poison Throwing Knife
6%
Animals Ring-necked Pheasant
6%
Animals Rocky Mountain Bull Elk
6%
Animals Rufus
6%
Animals Siberian Husky#
6%
Animals Sierra Nevada Bighorn Ram
6%
Animals Sierra Nevada Bighorn Sheep
6%
Plant Spider Orchid
6%
Horses Suffolk Punch
6%
Horses Thoroughbred
6%
Animals Tricolored Heron
6%
Animals Western Raven
6%
Animals Western Toad
6%
Weapons Wide-Blade Knife
6%
Plant Acuna’s Star Orchid
3%
Weapons Algernon’s Revolver
3%
Equipment Alligator Tooth Talisman
3%
Animals American Muskrat
3%
Animals American Red Squirrel
3%
Weapons Ancient Tomahawk
3%
Animals Australian Shepherd
3%
Animals Baja California Pronghorn Buck
3%
Animals Baja California Pronghorn Doe
3%
Equipment Bandit Bandolier
3%
Plant Bay Bolete
3%
Equipment Bear Claw Talisman
3%
Equipment Beaver Tooth Trinket
3%
Animals Berkshire Pig
3%
Plant Blackcurrant
3%
Animals Bluetick Coonhound
3%
Animals Border Collie
3%
Equipment Buck Antler Trinket
3%
Plant Burdock Root
3%
Animals California Quail
3%
Animals California Valley Coyote
3%
Animals Carolina Parakeet
3%
Plant Chanterelles
3%
Plant Cigar Orchid
3%
Plant Clamshell Orchid
3%
Weapons Cleaver
3%
Animals Collared Peccary
3%
Animals Common Loon
3%
Equipment Cougar Fang Trinket
3%
Plant Creeping Thyme
3%
Animals Cuban Land Crab
3%
Animals Desert Iguana
3%
Plant Desert Sage
3%
Animals Devon Bull
3%
Animals Dominique Rooster
3%
Weapons Double Bit Hatchet
3%
Plant Dragon’s Mouth Orchid
3%
Horses Dutch Warmblood
3%
Equipment Eagle Talon Talisman
3%
Animals Eastern Turkey Vulture
3%
Equipment Elk Antler Trinket
3%
Plant English Mace
3%
Equipment Explorer Bandolier
3%
Equipment Explorer Gun Belt
3%
Equipment Explorer Holster
3%
Equipment Explorer Off-Hand Holster
3%
Equipment Gambler Bandolier
3%
Animals Green Iguana
3%
Weapons Hatchet
3%
Equipment Herbalist Bandolier
3%
Equipment Herbalist Gun Belt
3%
Equipment Herbalist Holster
3%
Equipment Herbalist Off-Hand Holster
3%
Animals Herring Gull
3%
Weapons Hewing Hatchet
3%
Equipment Horseman Bandolier
3%
Equipment Horseman Gun Belt
3%
Equipment Horseman Holster
3%
Equipment Horseman Off-Hand Holster
3%
Weapons Hunter Hatchet
3%
Equipment Ingredients Satchel
3%
Animals Java Rooster
3%
Equipment Kit Satchel
3%
Plant Lady of the Night Orchid
3%
Plant Lady Slipper Orchid
3%
Fish (Legendary) Lake Sturgeon
3%
Fish (Legendary) Northern Pike
3%
Fish (Legendary) Perch
3%
Fish (Legendary) Redfin Pickerel
3%
Equipment Legend of the East Satchel
3%
Equipment Lion’s Paw Trinket
3%
Animals Little Brown Bat
3%
Animals Mallard Duck
3%
Equipment Master Hunter Bandolier
3%
Equipment Master Hunter Gun Belt
3%
Equipment Master Hunter Holster
3%
Equipment Master Hunter Off-Hand Holster
3%
Equipment Materials Satchel
3%
Plant Night Scented Orchid
3%
Animals Nine-Banded Armadillo
3%
Horses Nokota
3%
Equipment Old Lantern
3%
Animals Pacific Loon
3%
Equipment Panther’s Eye Trinket
3%
Plant Parasol Mushroom
3%
Animals Pekin Duck
3%
Animals Poodle
3%
Plant Prairie Poppy
3%
Equipment Provisions Satchel
3%
Plant Queen’s Orchid
3%
Animals Rainbow Boa Snake
3%
Plant Ram’s Head
3%
Plant Rat Tail Orchid
3%
Equipment Raven Claw Talisman
3%
Animals Red Boa Snake
3%
Plant Red Raspberry
3%
Plant Red Sage
3%
Animals Red-tailed Hawk
3%
Animals Rock Pigeon
3%
Animals Rocky Mountain Bighorn Ram
3%
Animals Rocky Mountain Bighorn Sheep
3%
Animals Rocky Mountain Cow Elk
3%
Animals Roseate Spoonbill
3%
Weapons Rusted Double Bit Hatchet
3%
Weapons Rusted Hunter Hatchet
3%
Animals Scarlet Tanager Songbird
3%
Equipment Sharpshooter Bandolier
3%
Equipment Sharpshooter Gun Belt
3%
Equipment Sharpshooter Holster
3%
Equipment Sharpshooter Off-Hand Holster
3%
Animals Standard Donkey
3%
Weapons Stone Hatchet
3%
Animals Striped Skunk
3%
Equipment Survivalist Bandolier
3%
Equipment Survivalist Gun Belt
3%
Equipment Survivalist Holster
3%
Equipment Survivalist Off-Hand Holster
3%
Equipment Tatanka Bison Horn Trinket
3%
Equipment Tonics Satchel
3%
Equipment Upgraded Bandolier
3%
Equipment Upgraded Off-Hand Holster
3%
Equipment Valuables Satchel
3%
Plant Vanilla Flower
3%
Weapons Viking Hatchet
3%
Animals Virginia Opossum
3%
Equipment Weapons Expert Bandolier
3%
Equipment Weapons Expert Gun Belt
3%
Equipment Weapons Expert Holster
3%
Equipment Weapons Expert Off-Hand Holster
3%
Animals Western Bull Moose
3%
Animals Western Chipmunk
3%
Animals Western Gray Squirrel
3%
Animals Western Tanager Songbird
3%
Animals Western Turkey Vulture
3%
Plant Wild Feverfew
3%
Equipment Wolf Heart Trinket
3%
Animals Yellow-billed Loon
3%
Animals American Domestic Cat
0%
Animals American Fox Hound
0%
Animals American Tree Sparrow
0%
Animals American White Pelican
0%
Horses Appaloosa
0%
Horses Ardennes
0%
Animals Banded Gila Monster
0%
Animals Band-tailed Pigeon
0%
Equipment Bison Horn Talisman
0%
Animals Black-tailed Rattlesnake
0%
Animals Blue and Yellow Macaw
0%
Equipment Boar Tusk Talisman
0%
Animals Brown Pelican
0%
Animals Californian Condor
0%
Animals Californian Horned Owl
0%
Animals Canada Goose
0%
Animals Catahoula Cur
0%
Animals Cedar Waxwing
0%
Animals Chesapeake Bay Retriever
0%
Animals Coastal Horned Owl
0%
Animals Cottonmouth Snake
0%
Equipment Coyote Fang Trinket
0%
Animals Desert Bighorn Ram
0%
Animals Desert Bighorn Sheep
0%
Animals Diamondback Rattlesnake
0%
Animals Double-crested Cormorant
0%
Animals Eurasian Tree Sparrow
0%
Animals Fer-de-Lance Snake
0%
Animals Ferruginous Hawk
0%
Equipment Fox Claw Trinket
0%
Animals Golden Crowned Sparrow
0%
Animals Greater Prairie Chicken
0%
Animals Great Green Macaw
0%
Animals Hereford Bull
0%
Animals Hooded Oriole
0%
Equipment Iguana Scale Trinket
0%
Horses Kentucky Saddlers
0%
Animals Laughing Gull
0%
Animals Midland Water Snake
0%
Plant Moccasin Flower Orchid
0%
Equipment Moose Antler Trinket
0%
Animals Neotropic Cormorant
0%
Animals Northern Copperhead Snake
0%
Animals Northern Water Snake
0%
Equipment Owl Feather Trinket
0%
Animals Pileated Woodpecker
0%
Equipment Pronghorn Horn Trinket
0%
Equipment Ram Horn Trinket
0%
Animals Red-bellied Woodpecker
0%
Animals Red-footed Booby
0%
Animals Red Swamp Crayfish
0%
Animals Ring-billed Gull
0%
Animals Rio Grande Wild Turkey
0%
Animals Rough-legged Hawk
0%
Animals Sandhill Crane
0%
Animals Scarlet Macaw
0%
Animals Sonoran Desert Toad
0%
Animals Sonoran Pronghorn Buck
0%
Animals Sonoran Pronghorn Doe
0%
Animals Southern Copperhead Snake
0%
Plant Sparrow’s Egg Orchid
0%
Animals Sunglow Boa Snake
0%
Animals Timber Rattlesnake
0%
Plant Violet Snowdrops
0%
Animals Whooping Crane
0%
No matching quizzes found
Score Distribution
Percent of People with Each Score
Percentile by Number Answered
Your Score History
You have not taken this quiz